Carl XVI. Gustaf - zábudlivý, ale nezabúdaný po tridsiatich rokoch na tróne sú švédsky ...

Bibliographic Details
Main Author: Škreko, Benjamín, 1949- (Author)
Format: Article
Language:Slovak
PhysicalDescription:Fotogr.
ISSN:1335-4671
Subjects:

MARC

LEADER 00000nab a2200000 a 4500
001 vtls000847511
003 SK-MaSNL
005 20260302164325.0
008 160321c2003 xo 0 slo
015 |a SNBRB2003/10-27070 
035 |a CLN000199166 
040 |a SNKBUCL  |b slo  |c SNKBUCL  |e AACR2 
041 0 |a slo 
044 |a xo  |c SK 
080 |a 929 Carl XVI. Gustaf  |2 UDC-MRF-SK2 
100 1 |a Škreko, Benjamín,  |d 1949-  |4 aut  |9 108113 
245 1 0 |a Carl XVI. Gustaf - zábudlivý, ale nezabúdaný  |b po tridsiatich rokoch na tróne sú švédsky ...  |c Benjamín Škreko 
300 |b Fotogr. 
600 0 7 |a Carl  |b XVI.,  |c švédsky kráľ,  |d 1946-  |2 snkbucl  |9 867069 
655 7 |a články z novín a časopisov  |2 snkbucl  |9 267496 
773 0 |x 1335-4671  |t Národná obroda  |g Roč. 14, č. 216 (20.9.2003) 
773 0 |x 1335-4671  |t [Príl.] Víkend  |g S. XI 
850 |a Slovenská národná knižnica v Martine 
852 |a SNK  |b KIS3GCP 
958 |a SE 
958 |a BC 
958 |a RBX 
999 |c 1386328  |d 1388258